Guess the One Direction song with no hints #20 - Statistics

General Stats
  • This quiz has been taken 126 times
  • The average score is 156 of 240
Answer Stats
Answer % Correct
I
99%
you
99%
me,
87%
me
87%
the
87%
do
86%
your
83%
to
80%
it
79%
who
79%
no
77%
baby
73%
for
72%
for?
72%
so
72%
(Ow)
70%
go
67%
know
65%
I'll
64%
not
64%
It's
63%
it's
63%
can't
60%
just
60%
wanna
60%
see
58%
too
57%
way
57%
at
55%
take
51%
home
49%
Little
48%
looking
48%
more
48%
cause
47%
move
47%
into
45%
right,
45%
dress
44%
dress,
44%
late,
44%
late
44%
black
43%
did
43%
any
41%
here
41%
alright,
40%
alright
40%
room
40%
doin'
38%
walked
37%
won't
37%
stop
35%
come
34%
song?
30%
favorite
27%
what's
27%
harm
26%
Makin'
26%
alone?
24%
heads
19%
turn,
19%
No matching quizzes found
Score Distribution
Percent of People with Each Score
Percentile by Number Answered
Your Score History
You have not taken this quiz